Szczegóły MARC21

Polska : przewodnik : 60 wycieczek, 62 miasta : najpiękniejsze miejsca /

005 -DATA I CZAS OSTATNIEJ MODYFIKACJI [,]
    • @
    • pole kontrolne
    • 20101119144925.0
020 -Międzynarod. znormalizowany nr książki - ISBN [ , ]
    • a
    • Numer ISBN
    • 8324510220 Find
020 -Międzynarod. znormalizowany nr książki - ISBN [ , ]
    • a
    • Numer ISBN
    • 9788324510221 Find
020 -Międzynarod. znormalizowany nr książki - ISBN [ , ]
    • a
    • Numer ISBN
    • 832451046X Find
020 -Międzynarod. znormalizowany nr książki - ISBN [ , ]
    • a
    • Numer ISBN
    • 9788324510467 Find
040 -Instytucja sporządzająca opis [ , ]
    • a
    • Instytucja, która sporządziła opis (NP)
    • SZCZ U/SA
    • c
    • Instytucja, która sporządziła rekord (NP)
    • SZCZ U/SA
    • d
    • Instytucja, która zmodyfikowała rekord (P)
    • SZCZ U/AP
041 -Język dokumentu [0, ]
    • a
    • Język tekstu (P)
    • polski
044 -Kraj miejsca wydania [ , ]
    • a
    • Kraj miejsca wydania
    • Polska
942 -Rodzaj dokumentu [ , ]
    • c
    • Rodzaj dokumentu
    • Książka
100 -Hasło główne - nazwa osobowa [1, ]
    • 9
    • KHW
    • 19440
    • a
    • Nazwa osobowa (NP)
    • Glinka, Tadeusz
    • d
    • Daty biograficzne (NP)
    • (1956- ).
245 -Strefa tytułu i oznaczenia odpowiedzialności [1,0]
    • a
    • Tytuł
    • Polska : Find
    • b
    • Ciąg dalszy tytułu (NP)
    • przewodnik : 60 wycieczek, 62 miasta : najpiękniejsze miejsca / Find
    • c
    • Pozostałe elementy strefy tytułu i oznaczenia odpowiedzialności (NP)
    • Tadeusz Glinka, Marek Piasecki [tekst i wybór ilustracji].
246 -Wariant tytułu [1, ]
    • a
    • Tytuł (NP)
    • 62 miasta, 60 wycieczek :
    • b
    • Ciąg dalszy tytułu (NP)
    • najpiękniejsze miejsca
246 -Wariant tytułu [1, ]
    • a
    • Tytuł (NP)
    • [Sześćdziesiąt dwa] miasta, [sześćdziesiąt] wycieczek :
    • b
    • Ciąg dalszy tytułu (NP)
    • najpiękniejsze miejsca
260 -Strefa adresu wydawniczego [ , ]
    • a
    • Miejsce wydania (P)
    • Poznań :
    • b
    • Nazwa wydawcy (P)
    • Publikat Wydawnictwo,
    • c
    • Data wydania (P)
    • [200?]
300 -Strefa opisu fizycznego [ , ]
    • a
    • Określenie formy książki i/lub objętość (NP)
    • 509 s. :
    • b
    • Oznaczenie ilustracji (NP)
    • il. ;
    • c
    • Format (NP)
    • 22 cm.
504 -Uwaga dot. bibliogr. załącznikowej [ , ]
    • a
    • Uwaga dot. bibliografii załącznikowej
    • Ind.
080 -Uniwersalna Klasyfikacja Dziesiętna [ , ]
    • 2
    • Identyfikator wydania tablic
    • UDC-P058
    • 9
    • UKD
    • 6822
    • a
    • Symbol klasyfikacji
    • 913(438)(036)
    • b
    • Dopowiedzenie
    • Przewodniki turystyczno-krajoznawcze po Polsce.
980 -Symbol UKD [ , ]
    • a
    • UKD
    • 913(438)(036)
700 -Hasło dodatkowe - nazwa osobowa [1, ]
    • 9
    • KHW
    • 583977
    • a
    • Nazwa osobowa (NP)
    • Piasecki, Marek Find
    • d
    • Daty biograficzne (NP)
    • (1949- ).
920 -ISBN [ , ]
    • a
    • ISBN
    • 83-245-1022-0 Find
920 -ISBN [ , ]
    • a
    • ISBN
    • 978-83-245-1022-1 Find
920 -ISBN [ , ]
    • a
    • ISBN
    • 83-245-1046-X Find
920 -ISBN [ , ]
    • a
    • ISBN
    • 978-83-245-1046-7 Find
Data inwentaryzacji Lokalizacja Sygnatura Numer inwentarzowy Status udost.
2010-10-22TT.11041T.110411